[Event "RUS-chT 22nd"]
[Site "Sochi"]
[Date "2015.05.02"]
[Round "2.1"]
[White "Kramnik, Vladimir"]
[Black "Svidler, Peter"]
[Result "1-0"]
[WhiteElo "2783"]
[BlackElo "2729"]
[PlyCount "60"]
[EventDate "2015.05.01"]
[EventType "team-tourn"]
[EventRounds "7"]
[EventCountry "RUS"]
[SourceTitle "CBM 167"]
[Source "ChessBase"]
[SourceDate "2015.07.13"]
[SourceVersion "1"]
[SourceVersionDate "2015.07.13"]
[SourceQuality "1"]
[WhiteTeam "Novosibirsk Sibir"]
[BlackTeam "St Petersburg Bronze Horseman"]
[WhiteTeamCountry "RUS"]
[BlackTeamCountry "RUS"]

1. Nf3 Nf6 2. g3 d5 3. Bg2 g6 4. b3 Bg7 5. Bb2 c5 6. c4 d4 7. b4 Nfd7 8. O-O Nc6 9. bxc5 O-O 10. d3 Nxc5 11. Nbd2 Rb8 ({RR} 11... Re8 12. Nb3 Na6 13. Rb1 e5 14. Ba3 f5 15. Ne1 Qc7 16. Nc2 Be6 17. e3 dxe3 18. Nxe3 Qd7 19. Nd5 Rac8 20. Nd2 Nd8 21. Re1 b6 22. Nf1 Bxd5 23. Bxd5+ Kh8 24. Ne3 Ne6 25. Bg2 Rcd8 26. Nd5 {Pantsulaia,L (2532)-Iniyan,P (2578) Bengaluru IND 2025 1-0 (56)}) 12. Ba3 $146 ({RR} 12. Ng5 Bd7 13. Nge4 Nxe4 14. Nxe4 b5 15. cxb5 Rxb5 16. Bc1 Nb4 17. a4 Rb8 18. Bd2 Nd5 19. Rc1 Rb2 20. Rc5 Nc3 21. Nxc3 dxc3 22. Bxc3 Bxc3 23. Rxc3 Qa5 24. Rc4 Be6 25. Re4 Rc8 26. Qe1 Qxe1 {Kramnik,V (2753)-Antipov,M (2602) chess.com INT 2024 1-0 (38)}) ({RR} 12. Ng5 Bd7 13. Nge4 Nxe4 14. Nxe4 b5 15. cxb5 Rxb5 16. Bc1 Nb4 17. a4 Rb8 18. Bd2 Nd5 19. Rc1 Rb2 20. Rc5 Nc3 21. Nxc3 dxc3 22. Bxc3 Bxc3 23. Rxc3 Qa5 24. Rc4 Be6 25. Re4 Rc8 26. Qe1 Qxe1 {Kramnik,V (2753)-Antipov,M (2602) chess.com INT 2024 1-0 (38)}) ({RR} 12. Rb1 b6 13. Ba3 Qc7 14. Nb3 Nxb3 15. Qxb3 h6 16. Rfc1 Bd7 17. Qd1 Rfe8 18. Ne1 e5 19. Nc2 Bf5 20. Nb4 Nxb4 21. Bxb4 e4 22. dxe4 Bxe4 23. Bxe4 Rxe4 24. c5 Rbe8 25. cxb6 Qxb6 26. Bf8 Qf6 {Hausrath,D (2529)-Baburin,A (2541) Fuegen 2006 ½-½ (48)}) 12... Qa5 13. Qc1 Na4 14. Nb3 Qc7 15. Qc2 Bd7 16. Rae1 Rfd8 17. e3 dxe3 18. fxe3 h6 19. d4 Bf5 20. e4 Bg4 21. e5 Nb6 22. Nh4 Nxd4 23. Qf2 Qxc4 24. Re4 Be6 25. Nxd4 Bd5 26. Ne6 Bxe6 27. Rxc4 Nxc4 28. Bxe7 Rd2 29. Qxa7 Bxe5 30. Nf3 Bc7 1-0

[Event "POL-chT"]
[Site "Poland"]
[Date "2015.09.05"]
[Round "5.5"]
[White "Moranda, Wojciech"]
[Black "Piorun, Kacper"]
[Result "1-0"]
[WhiteElo "2588"]
[BlackElo "2586"]
[PlyCount "87"]
[EventDate "2015.05.08"]
[EventType "team-tourn"]
[EventRounds "9"]
[EventCountry "POL"]
[SourceTitle "EXT 2016"]
[Source "ChessBase"]
[SourceDate "2015.10.08"]
[SourceVersion "1"]
[SourceVersionDate "2015.10.08"]
[SourceQuality "1"]
[WhiteTeam "Wroclaw Polonia"]
[BlackTeam "Gorzow Wlkp Stilon"]
[WhiteTeamCountry "POL"]
[BlackTeamCountry "POL"]

1. Nf3 f5 2. d3 Nc6 3. d4 e6 4. g3 Nf6 5. Bg2 Be7 6. O-O d6 7. c4 O-O 8. d5 Ne5 9. Nd4 Nxc4 10. dxe6 d5 11. Nxf5 Bxe6 12. Nxe7+ Qxe7 13. b3 Ne5 $146 ({RR} 13... Nb6 14. Ba3 c5 15. Nd2 Rac8 16. Rc1 Nbd7 17. e4 dxe4 18. Nxe4 Nxe4 19. Bxe4 Nf6 20. Bg2 b6 21. Qe2 Qf7 {½-½ (21) Aranda Flores,J (2171)-Castelltort Fernandez,A (2217) Barcelona 2020}) ({RR} 13... Nd6 14. Nc3 Qf7 15. Bg5 Nfe4 16. Nxe4 Nxe4 17. Be3 a5 18. Rc1 Rfe8 19. Qc2 c6 20. Qb2 Bf5 21. a4 Re6 22. b4 Nd6 23. b5 Nc4 24. Qd4 Be4 25. Bh3 Ree8 26. bxc6 bxc6 27. Qc5 Qh5 28. Rxc4 {Sepehrkhoui,A (2237)-Lagarde,M (2657) Trieste 2020 0-1 (44)}) 14. Bb2 Bf7 15. Nd2 Rad8 16. Rc1 b6 17. Nf3 Nxf3+ 18. Bxf3 c5 19. e3 Ne4 20. Bg2 Bg6 21. f3 Ng5 22. Qd2 a5 23. Rce1 b5 24. h4 Ne6 25. f4 b4 26. h5 Bf5 27. Qe2 Qf7 28. g4 Be4 29. Bxe4 dxe4 30. Qc4 Rd2 31. Rf2 Rxf2 32. Kxf2 h6 33. Rd1 Kh8 34. Qxe4 c4 35. bxc4 Nc5 36. Qe5 Na4 37. Bd4 Re8 38. Qf5 Qe7 39. g5 Nc3 40. Rg1 Ne4+ 41. Kg2 Rf8 42. Qe5 Qxe5 43. Bxe5 Kh7 44. g6+ 1-0

[Event "RUS-chT rapid"]
[Site "Sochi"]
[Date "2015.05.09"]
[Round "5.5"]
[White "Malakhov, Vladimir"]
[Black "Sjugirov, Sanan"]
[Result "1-0"]
[WhiteElo "2702"]
[BlackElo "2670"]
[PlyCount "95"]
[EventDate "2015.05.08"]
[EventType "team-swiss"]
[EventRounds "9"]
[EventCountry "RUS"]
[SourceTitle "CBM 166 Extra"]
[Source "ChessBase"]
[SourceDate "2015.06.18"]
[SourceVersion "1"]
[SourceVersionDate "2015.06.18"]
[SourceQuality "1"]
[WhiteTeam "Sverdlovsk Malachite"]
[BlackTeam "Samara Lada"]
[WhiteTeamCountry "RUS"]
[BlackTeamCountry "RUS"]

1. Nf3 Nf6 2. g3 b5 3. Bg2 Bb7 4. O-O e6 5. b3 Be7 6. c4 a6 7. Bb2 ({RR} 7. Nc3 b4 8. Na4 O-O 9. Bb2 d6 10. d4 Nbd7 11. Nd2 Bxg2 12. Kxg2 c5 13. e3 cxd4 14. Bxd4 Qc7 15. Qe2 Rfc8 16. e4 Nc5 17. Nxc5 dxc5 18. Bb2 a5 19. a4 bxa3 20. Rxa3 Nd7 21. Rfa1 Nb8 {Artemiev,V (2700)-Maghsoodloo,P (2701) Chess.com INT 2022 1-0 (92)}) 7... O-O 8. Na3 ({RR} 8. Qc2 c5 9. Ng5 Bxg2 10. Bxf6 g6 11. Nxe6 Bxf6 12. Nxd8 Bxf1 13. Nc3 Bh3 14. Nb7 b4 15. Nxc5 Re8 16. N5e4 Bg7 17. Nd5 Bxa1 18. Nef6+ Kf8 19. Nxe8 Nc6 20. Nef6 Kg7 21. Ne4 Nd4 22. Qd1 Bb2 {Kustar,S (2231)-Nakahara,K (2113) Budapest HUN 2025 1-0}) 8... c6 9. d4 d6 $146 ({RR} 9... bxc4 10. bxc4 d5 11. Qb3 Nbd7 12. Qxb7 Rb8 13. Qxa6 Rb6 14. Qa4 Rxb2 15. Nb1 Nb6 16. Qd1 Nxc4 17. Ne1 Qa5 18. a4 Rfb8 19. Nd3 R2b3 20. Qc2 Nd7 21. Rd1 Bf6 22. e3 c5 23. h4 cxd4 24. e4 {Telljohann,S (2403)-Kunin,V (2544) Bad Wiessee 2009 0-1}) 10. Nd2 Ra7 11. e4 Nbd7 12. Nc2 e5 13. Re1 Re8 14. a4 Ra8 15. b4 exd4 16. Bxd4 Ne5 17. Qe2 Nxc4 18. Nxc4 bxc4 19. Qxc4 d5 20. exd5 cxd5 21. Qb3 Ne4 22. Ne3 Bf8 23. b5 axb5 24. axb5 Nc5 25. Qc3 Ne6 26. Rxa8 Qxa8 27. Rd1 Rc8 28. Qd3 Qa4 29. Bb2 Nc5 30. Qe2 Rb8 31. h4 Qb3 32. Bd4 Ne6 33. Be5 Rd8 34. Nf5 Ra8 35. Nd4 Nxd4 36. Bxd4 Ra2 37. Qd3 Qb4 38. Rb1 Qa4 39. Be3 Ra3 40. Qd4 Qc2 41. Rc1 Qb3 42. Rc7 Qxb5 43. Qf4 f6 44. Qf5 Ra1+ 45. Kh2 Qb1 46. Qe6+ Kh8 47. Qf7 Qg1+ 48. Kh3 1-0

[Event "RUS-chT rapid"]
[Site "Sochi"]
[Date "2015.05.09"]
[Round "9.10"]
[White "Dubov, Daniil"]
[Black "Bukavshin, Ivan"]
[Result "1-0"]
[WhiteElo "2659"]
[BlackElo "2648"]
[PlyCount "174"]
[EventDate "2015.05.08"]
[EventType "team-swiss"]
[EventRounds "9"]
[EventCountry "RUS"]
[SourceTitle "CBM 166 Extra"]
[Source "ChessBase"]
[SourceDate "2015.06.18"]
[SourceVersion "1"]
[SourceVersionDate "2015.06.18"]
[SourceQuality "1"]
[WhiteTeam "Moscow Our Heritage II"]
[BlackTeam "Samara Lada"]
[WhiteTeamCountry "RUS"]
[BlackTeamCountry "RUS"]

1. Nf3 e6 2. g3 b5 3. Bg2 Bb7 4. O-O c5 5. Na3 ({RR} 5. b3 d6 6. c4 b4 7. Bb2 Nd7 8. d4 Ngf6 9. Nbd2 Be7 10. Re1 O-O 11. e4 cxd4 12. Nxd4 Nc5 13. e5 dxe5 14. Bxb7 Nxb7 15. Nc6 Qc7 16. Nxe7+ Qxe7 17. Bxe5 Rfd8 18. Bxf6 Qxf6 19. Ne4 Qe7 {Vitiugov,N (2736)-Bukavshin,I (2648) Sochi 2015 ½-½ (37)}) ({RR} 5. d3 d6 6. e4 Nd7 7. Re1 Be7 8. Nbd2 Ngf6 9. c3 Rc8 10. a4 b4 11. a5 bxc3 12. bxc3 Ba6 13. Nf1 O-O 14. Ne3 Qc7 15. Qc2 Nb8 16. Nc4 Nfd7 17. Bf4 Bxc4 18. dxc4 Nc6 19. Qa4 Bf6 {Bocharov,D (2577)-Bukavshin,I (2648) Sochi 2015 1-0 (80)}) 5... b4 6. Nc4 d5 7. Ne3 $146 ({RR} 7. Nce5 f6 8. Nd3 c4 9. Nf4 Qd7 10. Nd4 e5 11. Bh3 Qe7 12. Nf5 Qc7 13. Ne6 Qd7 14. d4 g6 15. e4 dxe4 16. dxe5 Qxd1 17. Rxd1 gxf5 18. Bxf5 Ne7 19. Nc7+ Kf7 20. Be6+ Kg6 21. exf6 Kxf6 {Andreikin,D (2695)-Budisavljevic,L (2499) chess.com INT 2025 1-0}) 7... Nd7 8. c3 Ngf6 9. cxb4 cxb4 10. a3 a5 11. d3 bxa3 12. b3 Qb6 13. Bxa3 Bc5 14. Qd2 O-O 15. Rfb1 Rfb8 16. Ne1 Bd4 17. Bb2 Bxb2 18. Rxb2 Nc5 19. b4 axb4 20. Rxb4 Qxb4 21. Qxb4 Rxa1 22. Bf1 Ncd7 23. N1c2 Raa8 24. f4 Bc6 25. Qc3 Rc8 26. Nd4 Nb8 27. g4 Bd7 28. Qb2 Nc6 29. Nxc6 Bxc6 30. f5 Re8 31. fxe6 fxe6 32. g5 Nd7 33. Bh3 Nf8 34. Ng4 Ng6 35. Ne5 Nxe5 36. Qxe5 Bd7 37. Bg4 Re7 38. h4 Ra4 39. Bh5 g6 40. Bf3 Rf7 41. Qb8+ Kg7 42. h5 gxh5 43. Bxh5 Raf4 44. Qe5+ Kg8 45. Bxf7+ Rxf7 46. Kh2 Re7 47. Kg3 Be8 48. Qf6 Ra7 49. Qxe6+ Bf7 50. Qc8+ Kg7 51. Qc3+ Kg8 52. Qc5 Ra8 53. Kf4 Re8 54. e3 Kg7 55. Qc6 Kg8 56. Qd6 Kg7 57. Qb4 Kg8 58. Qd4 Re6 59. Kg4 Rg6 60. Kf5 Re6 61. Qc5 Re8 62. Kg4 Be6+ 63. Kh4 Bf7 64. Qd4 Re6 65. Qc5 Re8 66. Kg4 Be6+ 67. Kf4 Bf7 68. Qb6 Re6 69. Qd8+ Re8 70. Qc7 Re6 71. Qc3 Re8 72. Qd4 Re6 73. Kg4 Rc6 74. Kh4 Re6 75. Qf4 Re8 76. Kg3 Re6 77. Kf2 Re8 78. Ke1 Bg6 79. Kd2 Bf7 80. Kc3 Ra8 81. Qd6 Re8 82. Kd4 Kg7 83. Kc5 Rxe3 84. Qh6+ Kg8 85. g6 Rf3 86. Qxh7+ Kf8 87. gxf7 Rf6 1-0

[Event "RUS-chT rapid"]
[Site "Sochi"]
[Date "2015.05.09"]
[Round "9.7"]
[White "Fedoseev, Vladimir"]
[Black "Riazantsev, Alexander"]
[Result "1-0"]
[WhiteElo "2683"]
[BlackElo "2671"]
[PlyCount "75"]
[EventDate "2015.05.08"]
[EventType "team-swiss"]
[EventRounds "9"]
[EventCountry "RUS"]
[SourceTitle "CBM 166 Extra"]
[Source "ChessBase"]
[SourceDate "2015.06.18"]
[SourceVersion "1"]
[SourceVersionDate "2015.06.18"]
[SourceQuality "1"]
[WhiteTeam "St Petersburg Horseman"]
[BlackTeam "Sverdlovsk Malachite"]
[WhiteTeamCountry "RUS"]
[BlackTeamCountry "RUS"]

1. Nf3 d5 2. g3 c6 3. Bg2 Bf5 4. O-O e6 5. d3 Nf6 6. Nh4 Bg4 7. h3 Bh5 8. Qe1 Be7 9. e4 ({RR} 9. f4 Nfd7 10. Nf3 f5 11. e4 Bxf3 12. Bxf3 O-O 13. Nc3 fxe4 14. dxe4 d4 15. Nd1 e5 16. Nf2 c5 17. Qe2 Nc6 18. Bg4 Kh8 19. Be6 exf4 20. gxf4 g5 21. Ng4 gxf4 22. Bxf4 Qe8 23. e5 Bh4 {Kramnik,V (2808)-Adhiban,B (2671) Baku 2016 1-0 (46)}) ({RR} 9. g4 Nfd7 10. gxh5 Bxh4 11. Qb4 Nb6 12. a4 Na6 13. Qg4 Bf6 14. Nd2 Qe7 15. e4 Nb4 16. Qd1 O-O 17. a5 Nd7 18. d4 Rfe8 19. e5 Bg5 20. f4 Bh6 21. Nf3 c5 22. c3 Nc6 23. Be3 f6 {Berczes,D (2407)-Roubalik,J (2321) Slovakia SVK 2025 ½-½}) ({RR} 9. f4 Nfd7 10. Nf3 Bxf3 11. Bxf3 d4 12. c3 e5 13. fxe5 Nxe5 14. Bg2 O-O 15. Kh1 Ng6 16. Nd2 dxc3 17. bxc3 Nd7 18. Rb1 Qc7 19. d4 f5 20. e4 fxe4 21. Nxe4 Rae8 22. Rxf8+ Bxf8 23. Qd1 Rxe4 {Dubov,D (2624)-Riazantsev,A (2700) Moscow 2013 0-1 (36)}) 9... Nfd7 10. Bf3 $146 ({RR} 10. Nf3 Bxf3 11. Bxf3 O-O 12. Bg2 dxe4 13. dxe4 c5 14. Be3 Nc6 15. f4 Qc7 16. a4 Rfd8 17. Na3 a6 18. Qf2 Rab8 19. Rac1 b5 20. axb5 axb5 21. Kh1 c4 22. g4 Na5 23. g5 Bf8 24. f5 Ne5 {Emmerich,D-Zude,A (2430) Hofheim 1995 1-0 (70)}) ({RR} 10. Nf3 Na6 11. a3 O-O 12. Nc3 Nc7 13. g4 Bg6 14. Bf4 d4 15. Bxc7 Qxc7 16. Nxd4 h5 17. gxh5 Bxh5 18. Kh1 g5 19. Nde2 Bd6 20. f4 Kg7 21. Qg3 Be7 22. e5 Rh8 23. d4 Rag8 24. fxg5 c5 {Petr,M (2493)-Vavra,P (2391) Czech Republic 2016 1-0 (33)}) 10... Bxf3 11. Nxf3 O-O 12. Qe2 c5 13. c3 Nc6 14. Na3 a6 15. Nc2 b5 16. exd5 exd5 17. d4 c4 18. Ne3 Nb6 19. Nf5 Re8 20. Ne5 Nxe5 21. dxe5 Bf8 22. f4 Na4 23. Be3 g6 24. Nd4 Nc5 25. Kh2 Nd3 26. Nf3 b4 27. cxb4 Bxb4 28. Bd4 Rb8 29. Qe3 Qc8 30. f5 Bc5 31. e6 Rxb2+ 32. Kh1 f6 33. fxg6 Qxe6 34. Qh6 Rb7 35. Rab1 Rg7 36. Ng5 Qe2 37. gxh7+ Kh8 38. Bxf6 1-0

[Event "RUS-chT blitz"]
[Site "Sochi"]
[Date "2015.05.10"]
[Round "2.15"]
[White "Zablotsky, Sergei"]
[Black "Khismatullin, Denis Rimovich"]
[Result "1-0"]
[WhiteElo "2525"]
[BlackElo "2666"]
[PlyCount "90"]
[EventDate "2015.05.10"]
[EventType "team-swiss (blitz)"]
[EventRounds "11"]
[EventCountry "RUS"]
[SourceTitle "CBM 166 Extra"]
[Source "ChessBase"]
[SourceDate "2015.06.18"]
[SourceVersion "1"]
[SourceVersionDate "2015.06.18"]
[SourceQuality "1"]
[WhiteTeam "Krasnoyarsk 56 parallel"]
[BlackTeam "Sverdlovsk Malachite"]
[WhiteTeamCountry "RUS"]
[BlackTeamCountry "RUS"]

1. Nf3 d5 2. g3 c6 3. Bg2 Bg4 4. Ne5 Be6 5. d4 Nd7 6. Nd3 Ngf6 7. O-O Bf5 8. b3 e6 9. c4 $146 ({RR} 9. Bb2 h5 10. h3 Qc7 11. e3 Bd6 12. c4 Ne4 13. Nc3 Ndf6 14. Qe2 Ng5 15. c5 Bxg3 16. fxg3 Bxd3 17. Qxd3 Qxg3 18. Ne2 Nxh3+ 19. Kh1 Qh4 20. Bxh3 Qxh3+ 21. Kg1 Rh6 22. Rf4 Ng4 23. Rf2 Nxf2 {Makarian,R (2554)-Jobava,B (2578) Almaty KAZ 2022 0-1}) ({RR} 9. Bb2 h5 10. h3 Qc7 11. e3 Bd6 12. c4 Ne4 13. Nc3 Ndf6 14. Qe2 Ng5 15. c5 Bxg3 16. fxg3 Bxd3 17. Qxd3 Qxg3 18. Ne2 Nxh3+ 19. Kh1 Qh4 20. Bxh3 Qxh3+ 21. Kg1 Rh6 22. Rf4 Ng4 23. Rf2 Nxf2 {Makarian,R (2554)-Jobava,B (2578) Almaty KAZ 2022 0-1}) 9... Be7 10. Ba3 Bxa3 11. Nxa3 O-O 12. b4 a6 13. Qb3 Qe7 14. Nc5 b6 15. Nxd7 Qxd7 16. e3 Ne4 17. Rfc1 Rfc8 18. Qb2 Rab8 19. Bf1 Ng5 20. Bg2 Be4 21. Qe2 Bxg2 22. Kxg2 b5 23. c5 a5 24. Nc2 Ra8 25. a3 Ne4 26. f3 Nf6 27. Ne1 Qe7 28. Nd3 Nd7 29. e4 dxe4 30. fxe4 Ra7 31. Qe3 Rca8 32. Rab1 axb4 33. axb4 Ra3 34. Qe2 Qf6 35. e5 Qf5 36. Nf2 Nf8 37. Rb2 Ng6 38. Ne4 Ne7 39. Rf1 Qg6 40. Nd6 Nd5 41. Rxf7 Ne3+ 42. Kf2 Ng4+ 43. Kg2 Ne3+ 44. Kf2 Ng4+ 45. Kg2 Ne3+ 1-0

[Event "RUS-chT blitz"]
[Site "Sochi"]
[Date "2015.05.10"]
[Round "3.6"]
[White "Artemiev, Vladislav"]
[Black "Riazantsev, Alexander"]
[Result "1-0"]
[WhiteElo "2671"]
[BlackElo "2671"]
[PlyCount "101"]
[EventDate "2015.05.10"]
[EventType "team-swiss (blitz)"]
[EventRounds "11"]
[EventCountry "RUS"]
[SourceTitle "CBM 166 Extra"]
[Source "ChessBase"]
[SourceDate "2015.06.18"]
[SourceVersion "1"]
[SourceVersionDate "2015.06.18"]
[SourceQuality "1"]
[WhiteTeam "Kazan Ladya"]
[BlackTeam "Sverdlovsk Malachite"]
[WhiteTeamCountry "RUS"]
[BlackTeamCountry "RUS"]

1. Nf3 d5 2. g3 c6 3. Bg2 Bf5 4. O-O e6 5. c4 dxc4 6. a4 Nf6 7. Na3 Bxa3 8. Rxa3 Be4 9. b3 cxb3 10. Rxb3 c5 11. Ba3 $146 ({RR} 11. Bb2 Nbd7 12. Qa1 O-O 13. Rc1 b6 14. a5 h6 15. Ba3 Rc8 16. Bf1 Re8 17. Bg2 e5 18. Bb2 Qe7 19. d3 Bd5 20. Ra3 b5 21. a6 e4 22. dxe4 Bxe4 23. Re3 Qd6 24. Rd1 Qc6 25. Bxf6 Nxf6 {Gallasch,J (2291)-Rustemov,A (2525) chess.com INT 2024 0-1 (39)}) ({RR} 11. Bb2 Nbd7 12. Qa1 O-O 13. Rc1 b6 14. a5 h6 15. Ba3 Rc8 16. Bf1 Re8 17. Bg2 e5 18. Bb2 Qe7 19. d3 Bd5 20. Ra3 b5 21. a6 e4 22. dxe4 Bxe4 23. Re3 Qd6 24. Rd1 Qc6 25. Bxf6 Nxf6 {Gallasch,J (2291)-Rustemov,A (2525) chess.com INT 2024 0-1 (39)}) 11... Nbd7 12. d4 b6 13. dxc5 Nxc5 14. Qxd8+ Rxd8 15. Bxc5 bxc5 16. Rc1 Nd7 17. Ng5 Bxg2 18. Kxg2 Ke7 19. Rb7 Rb8 20. Rxa7 Ra8 21. Rc7 Rhc8 22. R1xc5 Rxc7 23. Rxc7 f6 24. Ne4 Ra5 25. Nc3 f5 26. e4 Kd6 27. Rc4 Nf6 28. Nb5+ Ke7 29. Rc7+ Kf8 30. Nd4 Ra6 31. e5 Ng4 32. f4 Ne3+ 33. Kf3 Nd5 34. Rc6 Rxa4 35. Nxe6+ Ke7 36. Nxg7 Ra3+ 37. Kf2 Ra2+ 38. Kf3 Ra3+ 39. Kg2 Ne3+ 40. Kh3 Ra2 41. Rc7+ Kf8 42. Ne6+ Ke8 43. Rc3 Nf1 44. Ng7+ Kf7 45. Nxf5 Rxh2+ 46. Kg4 Rf2 47. Rc7+ Ke6 48. Re7+ Kd5 49. Rxh7 Nd2 50. Rd7+ Ke4 51. Rd4# 1-0

[Event "RUS-chT blitz"]
[Site "Sochi"]
[Date "2015.05.10"]
[Round "6.10"]
[White "Bocharov, Dmitry"]
[Black "Bukavshin, Ivan"]
[Result "1-0"]
[WhiteElo "2577"]
[BlackElo "2648"]
[PlyCount "159"]
[EventDate "2015.05.10"]
[EventType "team-swiss (blitz)"]
[EventRounds "11"]
[EventCountry "RUS"]
[SourceTitle "CBM 166 Extra"]
[Source "ChessBase"]
[SourceDate "2015.06.18"]
[SourceVersion "1"]
[SourceVersionDate "2015.06.18"]
[SourceQuality "1"]
[WhiteTeam "Novosibirsk Sibir"]
[BlackTeam "Samara Lada"]
[WhiteTeamCountry "RUS"]
[BlackTeamCountry "RUS"]

1. Nf3 e6 2. g3 b5 3. Bg2 Bb7 4. O-O c5 5. d3 d6 6. e4 Nd7 7. Re1 Be7 8. Nbd2 Ngf6 9. c3 Rc8 $146 ({RR} 9... O-O 10. d4 cxd4 11. Nxd4 Qb6 12. Qe2 a6 13. a4 Rfb8 14. b4 e5 15. N4b3 Nf8 16. Na5 Bc8 17. Nf1 Bg4 18. Qc2 Bd7 19. axb5 axb5 20. Bg5 Ne6 21. Bxf6 Bxf6 22. Ne3 Nc7 23. h4 Be7 24. Qd3 {Yermolinsky,A (2590)-Portisch,L (2610) Moscow 1994 ½-½ (48)}) 10. a4 b4 11. a5 bxc3 12. bxc3 Ba6 13. Nf1 O-O 14. Ne3 Qc7 15. Qc2 Nb8 16. Nc4 Nfd7 17. Bf4 Bxc4 18. dxc4 Nc6 19. Qa4 Bf6 20. Red1 Nde5 21. Ne1 g5 22. Be3 Rb8 23. h3 Kh8 24. f4 gxf4 25. gxf4 Ng6 26. e5 Ncxe5 27. fxe5 Bxe5 28. Qc2 Rg8 29. Nf3 Bf6 30. a6 Ne7 31. Rab1 Nf5 32. Bf2 Rb6 33. Kh1 Rxa6 34. Nd2 Be5 35. Ne4 Rb6 36. Qd2 Qe7 37. Rxb6 axb6 38. Rb1 Rb8 39. Bf3 Nh4 40. Be2 Ng6 41. Qh6 Bf4 42. Qh5 f5 43. Ng3 Qf6 44. Qf3 Be5 45. Nh5 Qe7 46. Rd1 Rg8 47. Rg1 Rf8 48. Qc6 Bxc3 49. Qxb6 Be5 50. Qc6 Rb8 51. Be3 Qh4 52. Qf3 Qe4 53. Qxe4 fxe4 54. Bg4 Rb2 55. Rg2 Rb1+ 56. Rg1 Rb2 57. Rg2 Rb1+ 58. Rg1 Rb2 59. Rf1 d5 60. Bxe6 d4 61. Bh6 e3 62. Ra1 Rb8 63. Re1 Re8 64. Bd5 Ne7 65. Bf7 Rb8 66. Rf1 e2 67. Re1 d3 68. Be6 Ng8 69. Be3 Bc3 70. Rg1 Bd4 71. Bxd4+ cxd4 72. Nf4 Rf8 73. Nxd3 Nf6 74. c5 Ne4 75. c6 Nf2+ 76. Nxf2 Rxf2 77. c7 Rf8 78. c8=Q Rxc8 79. Bxc8 d3 80. Ba6 1-0

[Event "RUS-chT blitz"]
[Site "Sochi"]
[Date "2015.05.10"]
[Round "7.8"]
[White "Dubov, Daniil"]
[Black "Maletin, Pavel"]
[Result "1-0"]
[WhiteElo "2659"]
[BlackElo "2587"]
[PlyCount "139"]
[EventDate "2015.05.10"]
[EventType "team-swiss (blitz)"]
[EventRounds "11"]
[EventCountry "RUS"]
[SourceTitle "CBM 166 Extra"]
[Source "ChessBase"]
[SourceDate "2015.06.18"]
[SourceVersion "1"]
[SourceVersionDate "2015.06.18"]
[SourceQuality "1"]
[WhiteTeam "Moscow Our Heritage"]
[BlackTeam "Novosibirsk Sibir"]
[WhiteTeamCountry "RUS"]
[BlackTeamCountry "RUS"]

1. Nf3 d5 2. g3 Bg4 3. Bg2 c6 4. O-O Nd7 5. d3 e5 6. h3 Bh5 7. e4 dxe4 8. dxe4 Ngf6 9. Qe1 Be7 10. Nbd2 O-O 11. Nh4 Re8 12. Nc4 Qc7 ({RR} 12... a5 13. a4 Qc7 14. Be3 Nc5 15. Nf5 Bf8 16. g4 Bg6 17. Bg5 Nfd7 18. b3 Ne6 19. Bd2 b6 20. c3 b5 21. axb5 cxb5 22. Nce3 f6 23. Nd5 Qc6 24. Kh1 Bf7 25. Rc1 a4 26. bxa4 bxa4 27. f4 {Dudkina,U (2005)-Novozhilov,S (2344) chess.com INT 2025 0-1 (43)}) 13. f4 ({RR} 13. a4 a5 14. Bd2 b6 15. Kh1 Nc5 16. g4 Nfd7 17. f4 b5 18. axb5 cxb5 19. Ne3 Qd8 20. Nhf5 exf4 21. Nd5 Bg6 22. Bxa5 Rxa5 23. Ndxe7+ Rxe7 24. Qxa5 Re8 25. Qxd8 Rxd8 26. Rad1 f6 27. Rxf4 Rb8 {Giri,A (2798)-Motylev,A (2649) Baku 2015 1-0 (34)}) 13... exf4 $146 ({RR} 13... Bc5+ 14. Kh1 b5 15. Nxe5 Nxe5 16. fxe5 Nd7 17. g4 Bg6 18. Bf4 Nxe5 19. Qg3 Qe7 20. Nf5 Qe6 21. b3 h5 22. Nxg7 Kxg7 23. gxh5 Kh7 24. Bxe5 Rg8 25. Rf6 Bxh5 26. Qf4 {1-0 (26) Fruehauf,N (2014)-Stagl,M (2132) Feistritz an der Drau 2014}) 14. Bxf4 Qd8 15. g4 Nxe4 16. Nf5 Bc5+ 17. Kh2 Nd6 18. Ncxd6 Rxe1 19. Rfxe1 Bxd6 20. Bxd6 Bg6 21. Ne7+ Kh8 22. Rad1 Nf6 23. c4 Qa5 24. b4 Qxa2 25. Kg1 Qxc4 26. Be5 Qxb4 27. Ba1 h6 28. Re2 Bh7 29. Rf1 Qc5+ 30. Kh1 Bd3 31. Re5 Qxe5 32. Bxe5 Bxf1 33. Bxf1 a5 34. Nf5 a4 35. Bc4 Kg8 36. Nd6 b5 37. Bxf7+ Kh7 38. h4 Nxg4 39. Bd4 Rd8 40. Bc5 Nf6 41. h5 Rd7 42. Bg6+ Kg8 43. Bf5 Re7 44. Kg2 Nxh5 45. Kf3 Nf6 46. Bb1 Nd7 47. Ba2+ Kh7 48. Bb1+ g6 49. Ba3 Ne5+ 50. Kf4 Nf7 51. Ne4 Rb7 52. Bb2 a3 53. Bxa3 h5 54. Bb2 b4 55. Nf6+ Kh6 56. Ng8+ Kh7 57. Nf6+ Kg7 58. Nxh5+ Kf8 59. Nf6 g5+ 60. Kf5 Nd6+ 61. Ke6 Nc4 62. Bd4 Re7+ 63. Kf5 Re1 64. Ba2 Rc1 65. Bc5+ Kf7 66. Bxb4 Rc2 67. Bb3 Rf2+ 68. Kxg5 Ke6 69. Bxc4+ Ke5 70. Ng4+ 1-0

[Event "RUS-ch rapid"]
[Site "St Petersburg"]
[Date "2015.05.14"]
[Round "9"]
[White "Maletin, Pavel"]
[Black "Savchenko, Boris"]
[Result "1-0"]
[WhiteElo "2587"]
[BlackElo "2556"]
[PlyCount "71"]
[EventDate "2015.05.13"]
[EventType "swiss (rapid)"]
[EventRounds "11"]
[EventCountry "RUS"]
[SourceTitle "CBM 166 Extra"]
[Source "ChessBase"]
[SourceDate "2015.06.18"]
[SourceVersion "1"]
[SourceVersionDate "2015.06.18"]
[SourceQuality "1"]

1. Nf3 e6 2. g3 b5 3. Bg2 Bb7 4. O-O c5 ({RR} 4... Nf6 5. Na3 a6 6. b3 d5 7. Bb2 c5 8. d3 Be7 9. c4 bxc4 10. dxc4 O-O 11. cxd5 exd5 12. Rc1 Nbd7 13. Nh4 g6 14. Nc4 Re8 15. Ne3 Nb6 16. Qd2 Bf8 17. Nef5 Ng4 18. h3 Ne5 19. Nh6+ {Firouzja,A (2723)-Savchenko,B (2573) Chess.com INT 2020 1-0}) 5. d3 ({RR} 5. b3 d6 6. c4 b4 7. Bb2 Nd7 8. d4 Ngf6 9. Nbd2 Be7 10. Re1 O-O 11. e4 cxd4 12. Nxd4 Nc5 13. e5 dxe5 14. Bxb7 Nxb7 15. Nc6 Qc7 16. Nxe7+ Qxe7 17. Bxe5 Rfd8 18. Bxf6 Qxf6 19. Ne4 Qe7 {Vitiugov,N (2736)-Bukavshin,I (2648) Sochi 2015 ½-½ (37)}) ({RR} 5. Na3 b4 6. Nc4 d5 7. Nce5 f6 8. Nd3 c4 9. Nf4 Qd7 10. Nd4 e5 11. Bh3 Qe7 12. Nf5 Qc7 13. Ne6 Qd7 14. d4 g6 15. e4 dxe4 16. dxe5 Qxd1 17. Rxd1 gxf5 18. Bxf5 Ne7 19. Nc7+ Kf7 {Andreikin,D (2695)-Budisavljevic,L (2499) chess.com INT 2025 1-0}) 5... Nc6 6. e4 d6 7. d4 $146 ({RR} 7. c3 Nf6 8. Qe2 a6 9. Nbd2 Be7 10. Re1 O-O 11. h3 Qc7 12. Nf1 Ne5 13. Nxe5 dxe5 14. Ne3 Rfd8 15. Ng4 Nd7 16. h4 Rac8 17. f4 c4 18. dxc4 exf4 19. Bxf4 Qxc4 20. Qxc4 Rxc4 21. Rad1 Rcc8 {Peregudov,N (2415)-Yakovich,Y (2570) Omsk/Perm 1998 ½-½ (48)}) 7... cxd4 8. Nxd4 Nxd4 9. Qxd4 Ne7 10. a4 Nc6 11. Qd3 b4 12. Bf4 Be7 13. Nd2 O-O 14. Rfd1 Rc8 15. Nb3 e5 16. Be3 a5 17. Qb5 Rb8 18. Bb6 Qc8 19. Nxa5 Nxa5 20. Qxa5 f5 21. Qxb4 fxe4 22. a5 e3 23. Qb3+ Kh8 24. Qxe3 Bxg2 25. Kxg2 Qxc2 26. Qd3 Qc8 27. Rac1 Qg4 28. Rc4 Qh5 29. b4 h6 30. h4 Qf7 31. Rd2 Qe8 32. Qd5 Qa4 33. b5 Qb3 34. Rc7 Qb4 35. Rxe7 Rbc8 36. Rc7 1-0